000 01658nam a2200397 a 4500
001 ebr10498986
003 CaPaEBR
006 m u
007 cr cn|||||||||
008 110413s2011 gauab sb 001 0 eng d
010 _z 2011010450
020 _z9780820334660 (hardcover : alk. paper)
020 _z0820334669 (hardcover : alk. paper)
020 _z9780820340173 (pbk. : alk. paper)
020 _z0820340170 (pbk. : alk. paper)
020 _z9780820341293 (e-book)
040 _aCaPaEBR
_cCaPaEBR
035 _a(OCoLC)754401703
043 _an-us-fl
_an-us-ga
050 1 4 _aSD397.P59
_bW39 2011eb
082 0 4 _a634.9/2
_222
100 1 _aWay, Albert G.
245 1 0 _aConserving southern longleaf
_h[electronic resource] :
_bHerbert Stoddard and the rise of ecological land management /
_cAlbert G. Way.
260 _aAthens :
_bUniversity of Georgia Press,
_cc2011.
300 _axx, 300 p. :
_bill., map.
490 1 _aEnvironmental history and the American South
504 _aIncludes bibliographical references and index.
533 _aElectronic reproduction.
_bPalo Alto, Calif. :
_cebrary,
_d2013.
_nAvailable via World Wide Web.
_nAccess may be limited to ebrary affiliated libraries.
600 1 0 _aStoddard, Herbert L.
650 0 _aLongleaf pine
_xConservation
_zRed Hills (Fla. and Ga.)
650 0 _aForest management
_zRed Hills (Fla. and Ga.)
655 7 _aElectronic books.
_2local
710 2 _aebrary, Inc.
830 0 _aEnvironmental history and the American South.
856 4 0 _uhttp://site.ebrary.com/lib/rucke/Doc?id=10498986
_zAn electronic book accessible through the World Wide Web; click to view
999 _c132421
_d132421